Statistics for 10 Most Populated Cities In A Country Beginning With 'P'

Click here to take the quiz!

General Stats

  • This quiz has been taken 19 times
  • The average score is 6 of 10

Answer Stats

PopAnswer% Correct
7.7 MillionLima
94%
2.3 MillionLisbon
88%
19.5 MillionManila
88%
2 MillionWarsaw
82%
9.3 MillionKarachi
76%
6.8 MillionLahore
59%
2.5 MillionFaisalabad
29%
2.1 MillionQuezon City
24%
2.4 MillionKatowice
12%
2.3 MillionSan Juan
0%

Score Distribution

Percentile by Number Answered

Percent of People with Each Score

Your Score History

You have not taken this quiz